书目信息 |
| 题名: |
新编简明汉英词典
|
|
| 作者: | 张权 主编 | |
| 分册: | ||
| 出版信息: | 长沙 湖南教育出版社 2000.06 |
|
| 页数: | 881页 | |
| 开本: | 32开 | |
| 丛书名: | ||
| 单 册: | ||
| 中图分类: | H316 | |
| 科图分类: | ||
| 主题词: | 英语 | |
| 电子资源: | ||
| ISBN: | 7-5355-3199-7 | |
| 000 | 00549nam0 2200193 45 | |
| 001 | 0010251144 | |
| 005 | 20001025115412.6 | |
| 010 | @a7-5355-3199-7@d32.20元 | |
| 100 | @a20001025d2000 km y0chiy0120 ea | |
| 101 | 0 | @achi |
| 105 | @a z 000yy | |
| 200 | 1 | @a新编简明汉英词典@AXin Bian Jian Ming Han Ying Ci Dian@f张权主编@FZhang Quan Zhu Bian |
| 210 | @a长沙@c湖南教育出版社@d2000.06 | |
| 215 | @a881页@d32开 | |
| 606 | 0 | @a英语 |
| 690 | @aH316@v3 | |
| 701 | 0 | @a张权@4主编 |
| 801 | @aCN@bPftUser@c20001025 | |
| 905 | @b188499-501@dH316@eZH.688@f3 | |
| 新编简明汉英词典/张权主编.-长沙:湖南教育出版社,2000.06 |
| 881页;32开 |
| ISBN 7-5355-3199-7:32.20元 |
| ● |
| 相关链接 |
|
|
|
正题名:新编简明汉英词典
索取号:H316/ZH.688
 
预约/预借
| 序号 | 登录号 | 条形码 | 馆藏地/架位号 | 状态 | 备注 |
| 1 | 188499 | 201884997 | 语言库209/209语言库 41排5列4层/ [索取号:H316/ZH.688] | 在馆 | |
| 2 | 188500 | 201885004 | 语言库209/209语言库 41排5列4层/ [索取号:H316/ZH.688] | 在馆 | |
| 3 | 188501 | 201885013 | 语言库209/209语言库 41排5列4层/ [索取号:H316/ZH.688] | 在馆 |